000 01634nam a2200313Ia 4500
999 _c54887
_d54887
001 21956
003 GE_BSU
005 20220912133522.0
008 181216s ||||ge |||||||||||||| ||geo||
020 _a9994031007
040 _cGE_BSU
041 _ageo
080 _a821.124+821.14'01 გ-70
100 _aგორდეზიანი, რისმაგ
_93462
245 _aკლასიკური ფილოლოგიის შესავალი /
_cრისმაგ გორდეზიანი, მაია დანელია ; რედ. მაგდა მჭედლიძე.
264 _aთბილისი :
_bლოგოსი,
_c2004.
300 _a331 გვ. ;
_c26 სმ.
490 _aპროგრამა "ლოგოსი". პუბლ. და ღონისძ. კლასიკ. ფილოლ., ბიზანტ. და ნეოგრეც. სფეროში
501 _aსაკუთარ სახელთა საძიებელი გვ. : 322-331
504 _aბიბლიოგრაფია გვ. : 319-321
541 _h14ლ.
653 _aისტორია და კიტიკა
653 _aანტიკური ლიტერატურა
653 _aკლასიკური ფილოლოგია
653 _aკლასიკური ფილოლოგიის შესავალი
700 _a დანელია, მაია
_eავტორი
_914583
700 _aმჭედლიძე, მაგდა
_eრედაქტორი
_914037
942 _cBK
_2udc